[Event "Prague Mencik Memorial 6th"]
[Site "Prague"]
[Date "2023.09.24"]
[Round "9"]
[White "Koper, Stefan"]
[Black "Muron, Miroslav"]
[Result "0-1"]
[WhiteElo "1898"]
[BlackElo "2125"]
[PlyCount "87"]
[EventDate "2023.09.24"]
[EventType "swiss"]
[EventRounds "9"]
[EventCountry "CZE"]
[SourceTitle "EXT 2024"]
[Source "ChessBase"]
[SourceDate "2023.10.10"]
[SourceVersion "1"]
[SourceVersionDate "2023.10.10"]
[SourceQuality "1"]

1. d4 Nf6 2. c4 g6 3. Nc3 Bg7 4. e4 d6 5. h3 0-0 6. g4 c5 7. d5 a6 8. f3 Nbd7 9. Nge2 Ne8 10. Ng3 Rb8 11. a4 e6 12. h4 exd5 13. Nxd5 Ne5 14. Bg5 f6 15. Be3 Be6 16. Be2 b5 17. axb5 axb5 18. cxb5 Qd7 19. b6 Kh8 20. h5 gxh5 21. Rxh5 c4 22. Ra7 Rb7 23. Kf2 Bf7 24. Rh2 Bg8 25. Nf5 Rf7 26. Ra8 Bf8 27. Nh6 Bxh6 28. Rxh6 Qc6 29. Qa4 Qxa4 30. Rxa4 Ng6 31. Ra8 Ng7 32. Ra7 Ne6 33. Bxc4 Kg7 34. Rh1 Nd8 35. Ra8 Nc6 36. Nf4 Nxf4 37. Bxf4 Rxb6 38. Bxf7 Bxf7 39. Rc1 Rxb2+ 40. Kg3 Nd4 41. Rc7 Ne2+ 42. Kf2 Nxf4+ 43. Ke3 Ne6 44. Rd7 0-1

[Event "Prague Mencik Memorial 6th"]
[Site "Prague"]
[Date "2023.09.24"]
[Round "6"]
[White "Muron, Miroslav"]
[Black "Bara, Josef Jr"]
[Result "1-0"]
[WhiteElo "2125"]
[BlackElo "1470"]
[PlyCount "49"]
[EventDate "2023.09.24"]
[EventType "swiss"]
[EventRounds "9"]
[EventCountry "CZE"]
[SourceTitle "EXT 2024"]
[Source "ChessBase"]
[SourceDate "2023.10.10"]
[SourceVersion "1"]
[SourceVersionDate "2023.10.10"]
[SourceQuality "1"]

1. e4 e6 2. Nc3 d5 3. g3 Nf6 4. e5 Nfd7 5. f4 b6 6. d3 Bb7 7. Bg2 c5 8. Nf3 Nc6 9. 0-0 Be7 10. f5 Ndxe5 11. Nxe5 Nxe5 12. fxe6 fxe6 13. Re1 Bd6 14. Rxe5 Bxe5 15. Qh5+ Kd7 16. Qxe5 Qf6 17. Qe2 Raf8 18. Bf4 g5 19. Be5 Qf5 20. Bxh8 Rxh8 21. Rf1 Qg6 22. Qe5 Re8 23. Nb5 Rc8 24. Qd6+ Ke8 25. Rf8# 1-0

[Event "Prague Golden Rapid op"]
[Site "Prague"]
[Date "2023.06.17"]
[Round "6"]
[White "Muron, Miroslav"]
[Black "Belaska, Premysl"]
[Result "1-0"]
[WhiteElo "2100"]
[BlackElo "2203"]
[PlyCount "121"]
[EventDate "2023.06.17"]
[EventType "swiss (rapid)"]
[EventRounds "9"]
[EventCountry "CZE"]
[SourceTitle "CBM 215 Extra"]
[Source "ChessBase"]
[SourceDate "2023.09.30"]
[SourceVersion "1"]
[SourceVersionDate "2023.09.30"]
[SourceQuality "1"]

1. e4 c5 2. Nc3 Nc6 3. g3 g6 4. Bg2 Bg7 5. d3 d6 6. f4 e6 7. Nf3 Nge7 8. 0-0 0-0 9. Be3 Nd4 10. Bf2 e5 11. Ne2 Nxe2+ 12. Qxe2 exf4 13. gxf4 Bxb2 14. Rab1 Bg7 15. d4 cxd4 16. Bxd4 Nc6 17. Bxg7 Kxg7 18. Qd3 Qe7 19. Rfe1 Be6 20. Qc3+ f6 21. e5 fxe5 22. fxe5 d5 23. Nd4 Nxd4 24. Qxd4 b6 25. c4 dxc4 26. Bxa8 Rxa8 27. Re3 Rd8 28. Qf4 Rf8 29. Qg3 Rf5 30. h4 Qf8 31. Rd1 Rf4 32. Qh2 Qf5 33. Rde1 b5 34. a3 a5 35. Rg3 b4 36. axb4 axb4 37. h5 Rg4 38. h6+ Kg8 39. Qg2 Rxg3 40. Qxg3 Qg4 41. Qxg4 Bxg4 42. Re4 c3 43. Rxb4 c2 44. Rc4 Bf5 45. Kf2 Kf7 46. Ke3 Ke6 47. Kd4 g5 48. Rc6+ Kf7 49. Kd5 Bd3 50. Rc7+ Kf8 51. e6 Bg6 52. Ke5 g4 53. Kf4 g3 54. Kxg3 c1Q 55. Rxc1 Ke7 56. Rc6 Bf5 57. Kf4 Bxe6 58. Ke5 Bd7 59. Rc7 Ke8 60. Ra7 Kd8 61. Kf6 1-0

[Event "CZE-chT2A 2223"]
[Site "Czech Republic"]
[Date "2022.11.06"]
[Round "2.6"]
[White "Muron, Miroslav"]
[Black "Pychova, Nela"]
[Result "0-1"]
[WhiteElo "2107"]
[BlackElo "2096"]
[PlyCount "90"]
[EventDate "2022.10.16"]
[EventType "team-tourn"]
[EventRounds "11"]
[EventCountry "CZE"]
[SourceTitle "EXT 2024"]
[Source "ChessBase"]
[SourceDate "2023.10.10"]
[SourceVersion "1"]
[SourceVersionDate "2023.10.10"]
[SourceQuality "1"]
[WhiteTeam "Praha Dukla"]
[BlackTeam "Vlasim"]
[WhiteTeamCountry "CZE"]
[BlackTeamCountry "CZE"]

1. e4 c5 2. Nc3 Nc6 3. g3 g6 4. Bg2 Bg7 5. d3 e6 6. f4 d6 7. Nf3 Nge7 8. 0-0 0-0 9. Be3 Nd4 10. Bf2 Nec6 11. Qd2 Qa5 12. g4 Bd7 13. f5 exf5 14. gxf5 gxf5 15. Nh4 fxe4 16. Bxe4 f5 17. Bd5+ Kh8 18. Bg3 Ne5 19. Qg2 Rf6 20. Bxb7 Rb8 21. Nd5 Rh6 22. Ne7 Rf8 23. c3 Nxd3 24. cxd4 f4 25. Be4 fxg3 26. Qxg3 Bf6 27. Rxf6 Rhxf6 28. Qxd3 c4 29. Qe3 Qh5 30. Qg3 Re8 31. Kh1 Rxe7 32. Rg1 Qf7 33. Bb7 Be6 34. Bc6 Bd5+ 35. Bxd5 Qxd5+ 36. Ng2 Rg6 37. Qh4 Reg7 38. Qf2 Rg4 39. Qf8+ Qg8 40. Qf6 R4g6 41. Qf2 h6 42. Qf4 Qd5 43. Qf2 Rg4 44. Qd2 Kh7 45. Qc2+ Qe4 0-1

[Event "CZE-chT2B 1920"]
[Site "Czech Republic"]
[Date "2020.06.18"]
[Round "10.5"]
[White "Muron, Miroslav"]
[Black "Chrz, Pavel"]
[Result "1-0"]
[WhiteElo "2176"]
[BlackElo "1985"]
[PlyCount "72"]
[EventDate "2019.10.13"]
[EventType "team-tourn"]
[EventRounds "11"]
[EventCountry "CZE"]
[SourceTitle "EXT 2024"]
[Source "ChessBase"]
[SourceDate "2023.10.10"]
[SourceVersion "1"]
[SourceVersionDate "2023.10.10"]
[SourceQuality "1"]
[WhiteTeam "Praha Dukla"]
[BlackTeam "Usti nad Labem"]
[WhiteTeamCountry "CZE"]
[BlackTeamCountry "CZE"]

1. e4 c5 2. Nc3 Nc6 3. g3 g6 4. Bg2 Bg7 5. d3 d6 6. f4 Nf6 7. Nf3 Rb8 8. 0-0 0-0 9. h3 b5 10. g4 b4 11. Ne2 Ne8 12. f5 Nd4 13. Nexd4 cxd4 14. Bg5 h6 15. Bh4 g5 16. Bf2 e5 17. Qc1 Qc7 18. h4 f6 19. a3 a5 20. Be1 Rf7 21. axb4 axb4 22. Bd2 Qc5 23. Rf2 Rc7 24. hxg5 hxg5 25. Bxg5 b3 26. cxb3 fxg5 27. Qxg5 Nf6 28. Qh4 d5 29. g5 Nxe4 30. dxe4 dxe4 31. Qxe4 Bb7 32. Qg4 e4 33. f6 e3 34. Qe6+ Kh7 35. Re2 d3 36. Rxe3 Bxf3 1-0

[Event "CZE-chT1W 1819"]
[Site "Czech Republic"]
[Date "2018.12.09"]
[Round "4.4"]
[White "Hollan, Martin"]
[Black "Muron, Miroslav"]
[Result "1-0"]
[WhiteElo "2325"]
[BlackElo "2210"]
[PlyCount "39"]
[EventDate "2018.10.21"]
[EventType "team-tourn"]
[EventRounds "11"]
[EventCountry "CZE"]
[SourceTitle "CBM 187 Extra"]
[Source "ChessBase"]
[SourceDate "2018.11.04"]
[SourceVersion "1"]
[SourceVersionDate "2018.11.04"]
[SourceQuality "1"]
[WhiteTeam "Praha Oaza"]
[BlackTeam "Praha Dukla"]
[WhiteTeamCountry "CZE"]
[BlackTeamCountry "CZE"]

1. d4 Nf6 2. c4 g6 3. Nc3 Bg7 4. e4 d6 5. Nf3 0-0 6. Be2 Nbd7 7. 0-0 e5 8. Re1 c6 9. Bf1 exd4 10. Nxd4 Ng4 11. Qxg4 Bxd4 12. Qg3 Qf6 13. Be3 Bxe3 14. Rxe3 Ne5 15. f4 Ng4 16. Rd3 Qd8 17. Be2 Qb6+ 18. Kf1 Qxb2 19. Rb1 Qc2 20. Bd1 1-0

[Event "CZE-chT2C 1718"]
[Site "Czech Republic"]
[Date "2018.03.18"]
[Round "10.5"]
[White "Matejovsky, Ondrej"]
[Black "Muron, Miroslav"]
[Result "0-1"]
[WhiteElo "2012"]
[BlackElo "2137"]
[PlyCount "76"]
[EventDate "2017.10.15"]
[EventType "team-tourn"]
[EventRounds "11"]
[EventCountry "CZE"]
[SourceTitle "EXT 2022"]
[Source "ChessBase"]
[SourceDate "2021.10.06"]
[SourceVersion "1"]
[SourceVersionDate "2021.10.06"]
[SourceQuality "1"]
[WhiteTeam "Vlasim"]
[BlackTeam "Praha Dukla"]
[WhiteTeamCountry "CZE"]
[BlackTeamCountry "CZE"]

1. e4 e5 2. Nf3 Nc6 3. Nc3 g6 4. Bc4 Bg7 5. d3 Na5 6. 0-0 Nxc4 7. dxc4 Ne7 8. Be3 0-0 9. Qd2 b6 10. Bh6 d6 11. Rad1 Bg4 12. Bxg7 Kxg7 13. Qe3 f5 14. Rd2 f4 15. Qd3 Bxf3 16. Qxf3 Nc6 17. Ne2 h5 18. c3 Qf6 19. g3 Kh6 20. Kh1 Qe6 21. Qd3 Ne7 22. gxf4 exf4 23. Nd4 Qf6 24. Qh3 f3 25. Rd3 Qe5 26. Nxf3 Qxe4 27. Re3 Qxc4 28. Nd2 Qd5+ 29. Qg2 Qxg2+ 30. Kxg2 Nd5 31. Re4 Rf5 32. Nc4 Raf8 33. Ne3 Rg5+ 34. Kh1 Nf4 35. Re7 Nh3 36. f3 Rxf3 37. Rf7 Rxe3 38. Rxc7 Nf2+ 0-1

[Event "CZE-chT2A 1617"]
[Site "Czech Republic"]
[Date "2017.01.29"]
[Round "7.3"]
[White "Cisler, Petr"]
[Black "Muron, Miroslav"]
[Result "1-0"]
[WhiteElo "2181"]
[BlackElo "2153"]
[PlyCount "53"]
[EventDate "2016.10.09"]
[EventType "team-tourn"]
[EventRounds "11"]
[EventCountry "CZE"]
[SourceTitle "EXT 2022"]
[Source "ChessBase"]
[SourceDate "2021.10.06"]
[SourceVersion "1"]
[SourceVersionDate "2021.10.06"]
[SourceQuality "1"]
[WhiteTeam "Domazlice"]
[BlackTeam "Praha Dukla"]
[WhiteTeamCountry "CZE"]
[BlackTeamCountry "CZE"]

1. e4 e5 2. Nf3 Nc6 3. Bb5 a6 4. Ba4 d6 5. 0-0 f5 6. d3 Be7 7. c3 Nf6 8. Nbd2 0-0 9. Bb3+ Kh8 10. Ng5 d5 11. exd5 Nxd5 12. Ndf3 f4 13. Ne4 Bg4 14. Re1 Qd7 15. Qe2 Rad8 16. Bc2 Bh5 17. Bd2 g5 18. Nxe5 Qe8 19. Ng4 Ne5 20. f3 Bxg4 21. Nf2 Nxf3+ 22. gxf3 Bf5 23. Qe5+ Rf6 24. c4 Ne3 25. Bxe3 fxe3 26. Rxe3 Rd7 27. Qxf6+ 1-0

[Event "CZE-chT2A 1516"]
[Site "Czech Republic"]
[Date "2016.03.13"]
[Round "9.3"]
[White "Elias, Miroslav"]
[Black "Muron, Miroslav"]
[Result "1-0"]
[WhiteElo "2081"]
[BlackElo "2227"]
[PlyCount "116"]
[EventDate "2015.10.18"]
[EventType "team-tourn"]
[EventRounds "11"]
[EventCountry "CZE"]
[SourceTitle "EXT 2022"]
[Source "ChessBase"]
[SourceDate "2021.10.06"]
[SourceVersion "1"]
[SourceVersionDate "2021.10.06"]
[SourceQuality "1"]
[WhiteTeam "Karlovy Vary"]
[BlackTeam "Praha Dukla"]
[WhiteTeamCountry "CZE"]
[BlackTeamCountry "CZE"]

1. e4 e5 2. d4 exd4 3. Qxd4 Qf6 4. Nf3 Nc6 5. Qa4 Ne5 6. Be2 Nxf3+ 7. Bxf3 Bd6 8. Nc3 c6 9. Be3 b5 10. Qd4 Be5 11. Qd2 Ne7 12. Be2 0-0 13. f4 Bxc3 14. bxc3 d5 15. e5 Qg6 16. g4 f5 17. g5 a5 18. a4 bxa4 19. Rxa4 Ba6 20. 0-0 Bb5 21. Ra3 Qe6 22. Bc5 Rfb8 23. Rfa1 Bxe2 24. Qxe2 Ng6 25. Ra4 Rb5 26. Be3 Nf8 27. Kf2 Nd7 28. c4 dxc4 29. Qxc4 Rd5 30. Qb3 Rb8 31. Qa2 Rbb5 32. c4 Nxe5 33. fxe5 Qxe5 34. cxb5 Qxh2+ 35. Kf3 Qh3+ 36. Kf2 Qh2+ 37. Ke1 Qh1+ 38. Ke2 Qh5+ 39. Kf1 Qh1+ 40. Bg1 Qf3+ 41. Bf2 Qh1+ 42. Ke2 Qh5+ 43. Kf1 Qh1+ 44. Bg1 Qf3+ 45. Qf2 Rd1+ 46. Rxd1 Qxd1+ 47. Qe1 Qf3+ 48. Bf2 Kf7 49. Rh4 cxb5 50. Qxa5 Qd3+ 51. Kg1 Kg6 52. Rd4 Qb3 53. Qc7 Qb1+ 54. Kg2 Qb2 55. Qf4 Qc2 56. Rd6+ Kf7 57. Qe5 Qc8 58. Qxb5 f4 1-0

[Event "CZE-chT2A 1516"]
[Site "Czech Republic"]
[Date "2015.12.06"]
[Round "4.4"]
[White "Bartos, Jan"]
[Black "Muron, Miroslav"]
[Result "1-0"]
[WhiteElo "2188"]
[BlackElo "2227"]
[PlyCount "71"]
[EventDate "2015.10.18"]
[EventType "team-tourn"]
[EventRounds "11"]
[EventCountry "CZE"]
[SourceTitle "EXT 2022"]
[Source "ChessBase"]
[SourceDate "2021.10.06"]
[SourceVersion "1"]
[SourceVersionDate "2021.10.06"]
[SourceQuality "1"]
[WhiteTeam "Unichess III"]
[BlackTeam "Praha Dukla"]
[WhiteTeamCountry "CZE"]
[BlackTeamCountry "CZE"]

1. d4 Nf6 2. c4 g6 3. Nc3 Bg7 4. e4 d6 5. f3 0-0 6. Be3 Nc6 7. Nge2 Re8 8. Qd2 e5 9. d5 Ne7 10. g4 c6 11. Ng3 cxd5 12. cxd5 Bd7 13. h4 Qa5 14. h5 Rec8 15. Be2 b5 16. hxg6 fxg6 17. Nxb5 Qxd2+ 18. Bxd2 Bxb5 19. Bxb5 Rab8 20. a4 Rc2 21. Bc3 h5 22. gxh5 Rg2 23. Ne2 gxh5 24. Kf1 Rg6 25. Rg1 Rf8 26. Rxg6 Nxg6 27. Kg2 h4 28. Bb4 Nh5 29. Bxd6 Rf6 30. Bc7 Ngf4+ 31. Nxf4 exf4 32. d6 Rg6+ 33. Kh2 Be5 34. Be8 Rg5 35. Bxh5 Rxh5 36. Rc1 1-0